[Event "Skakligaen 2019-20"]
[Site "Denmark"]
[Date "2019.12.01"]
[Round "3.3"]
[White "Sorensen, Jan"]
[Black "Vesterli, Michael E"]
[Result "1/2-1/2"]
[WhiteElo "2395"]
[BlackElo "2234"]
[PlyCount "49"]
[EventDate "2019.11.23"]
[EventType "team-tourn"]
[EventRounds "9"]
[WhiteTeam "Aarhus Skolerne"]
[BlackTeam "BMS"]
[WhiteTeamCountry "DEN"]
[BlackTeamCountry "DEN"]

1. e4 c5 2. Nf3 Nc6 3. Bb5 g6 4. O-O Bg7 5. c3 Nf6 6. Re1 O-O 7. h3 Qc7 8. d4
cxd4 9. cxd4 d5 10. e5 Ne4 11. Nc3 Nxc3 12. bxc3 Na5 13. Ba3 a6 14. Bd3 Re8 15.
Qc2 Bd7 16. Rab1 Rac8 17. Bc5 b5 18. a4 Nb7 19. axb5 Nxc5 20. dxc5 axb5 21.
Bxb5 Bf5 22. Bd3 Bxd3 23. Qxd3 Qxc5 24. Rb5 Qxc3 25. Qxc3 1/2-1/2

[Event "Skakligaen 2019-20"]
[Site "Denmark"]
[Date "2019.12.01"]
[Round "3.4"]
[White "Seegert, Kristian"]
[Black "Vinther Schou, Uffe"]
[Result "0-1"]
[WhiteElo "2234"]
[BlackElo "2361"]
[PlyCount "106"]
[EventDate "2019.11.23"]
[EventType "team-tourn"]
[EventRounds "9"]
[WhiteTeam "BMS"]
[BlackTeam "Aarhus Skolerne"]
[WhiteTeamCountry "DEN"]
[BlackTeamCountry "DEN"]

1. e4 c5 2. Nf3 e6 3. d4 cxd4 4. Nxd4 Nc6 5. Nc3 Qc7 6. Be3 Nf6 7. Bd3 a6 8.
O-O Ne5 9. h3 Bc5 10. Kh1 d6 11. f4 Ng6 12. Qe1 O-O 13. f5 Ne5 14. Qh4 Bd7 15.
Nce2 Qb6 16. b4 Qxb4 17. c3 Qb6 18. Bh6 Qd8 19. Qg5 Ne8 20. f6 g6 21. Bxf8 Kxf8
22. Nf4 Kg8 23. Bc2 Rc8 24. Bb3 Nc7 25. Rad1 Qf8 26. Nf3 Nxf3 27. gxf3 Bb5 28.
c4 Bc6 29. Nd3 Bd4 30. Nb4 e5 31. Nd5 Ne6 32. Qh4 Bxd5 33. exd5 Nc5 34. Rfe1
Nd7 35. f4 Bc3 36. Re3 Bd4 37. Ree1 Qd8 38. f5 Qxf6 39. Qxf6 Nxf6 40. fxg6 hxg6
41. Kg2 Bc5 42. Rb1 Kg7 43. Ba4 b6 44. Bc6 Rh8 45. Rb3 Rh4 46. Rc1 Nh5 47. Bb7
a5 48. Ba6 Nf4+ 49. Kh2 e4 50. Kg3 g5 51. Rh1 f5 52. Bc8 Kf6 53. Bd7 Ke5 0-1

[Event "Skakligaen 2019-20"]
[Site "Denmark"]
[Date "2019.12.01"]
[Round "3.5"]
[White "Sobjerg, Erik"]
[Black "Liu, Casper Yukun"]
[Result "1-0"]
[WhiteElo "2289"]
[BlackElo "2171"]
[PlyCount "63"]
[EventDate "2019.11.23"]
[EventType "team-tourn"]
[EventRounds "9"]
[WhiteTeam "Aarhus Skolerne"]
[BlackTeam "BMS"]
[WhiteTeamCountry "DEN"]
[BlackTeamCountry "DEN"]

1. e4 c5 2. Nf3 d6 3. Bb5+ Bd7 4. c4 Nf6 5. Nc3 Bxb5 6. cxb5 g6 7. d4 cxd4 8.
Qxd4 Bg7 9. Bg5 O-O 10. O-O Nbd7 11. Qd2 Rc8 12. Rfe1 Nb6 13. Rac1 Nc4 14. Qe2
Qa5 15. b3 Ne5 16. Nxe5 dxe5 17. Bd2 Qa3 18. Rc2 Rfd8 19. Rec1 Qd6 20. Be3 b6
21. f3 Qb4 22. Kf2 e6 23. Nd5 Rxc2 24. Nxb4 Rxe2+ 25. Kxe2 Ne8 26. Nc6 Rd7 27.
Rd1 Nd6 28. a4 Bf8 29. Nxe5 Rc7 30. Nc6 a6 31. Bf4 axb5 32. axb5 1-0

[Event "Skakligaen 2019-20"]
[Site "Denmark"]
[Date "2019.12.01"]
[Round "3.6"]
[White "Haubro, Sigfred"]
[Black "Sogaard, Soren"]
[Result "0-1"]
[WhiteElo "2089"]
[BlackElo "2248"]
[PlyCount "72"]
[EventDate "2019.11.23"]
[EventType "team-tourn"]
[EventRounds "9"]
[WhiteTeam "BMS"]
[BlackTeam "Aarhus Skolerne"]
[WhiteTeamCountry "DEN"]
[BlackTeamCountry "DEN"]

1. Nf3 Nf6 2. b3 g6 3. Bb2 Bg7 4. e3 d5 5. Be2 c5 6. O-O O-O 7. d4 Ne4 8. Nbd2
Nc6 9. c4 Bf5 10. cxd5 Qxd5 11. Bc4 Qd8 12. Nxe4 Bxe4 13. Ne5 Nxe5 14. dxe5 Qc7
15. f3 Rad8 16. Qe2 Bc6 17. f4 Qa5 18. Rf2 Be4 19. h4 a6 20. a4 e6 21. Rc1 Rd7
22. h5 Rb8 23. Bc3 Qd8 24. a5 Qh4 25. hxg6 hxg6 26. Rff1 Rbd8 27. Be1 Qh6 28.
Qg4 Bf8 29. Be2 Be7 30. Bf3 Bf5 31. Qg3 Bd3 32. e4 Bxf1 33. Kxf1 Qh1+ 34. Ke2
Rd3 35. f5 Qg1 36. Qf2 Rd2+ 0-1

[Event "Skakligaen 2019-20"]
[Site "Denmark"]
[Date "2019.12.01"]
[Round "3.7"]
[White "Rendboe, John Filip"]
[Black "Pallesen, Jacob"]
[Result "1-0"]
[WhiteElo "2119"]
[BlackElo "2043"]
[PlyCount "141"]
[EventDate "2019.11.23"]
[EventType "team-tourn"]
[EventRounds "9"]
[WhiteTeam "Aarhus Skolerne"]
[BlackTeam "BMS"]
[WhiteTeamCountry "DEN"]
[BlackTeamCountry "DEN"]

1. d4 Nf6 2. Nf3 d5 3. c4 e6 4. cxd5 exd5 5. Nc3 c6 6. Bg5 Be7 7. Qc2 O-O 8. e3
Nbd7 9. Bd3 Re8 10. O-O h6 11. Bf4 Nh5 12. Nxd5 Nxf4 13. Nxf4 Bd6 14. Ne2 Nf8
15. Bf5 Qf6 16. Bxc8 Raxc8 17. Ng3 Ne6 18. Rac1 Ng5 19. Nxg5 Qxg5 20. Nf5 Bc7
21. Ng3 Bd6 22. Qb3 Rc7 23. Qd3 g6 24. Rfd1 Rd7 25. a3 h5 26. Nf1 Qd5 27. Qc4
Qe4 28. Nd2 Qg4 29. h3 Qg5 30. Nf3 Qf5 31. Qd3 Qf6 32. Nd2 Qe6 33. b4 a6 34.
Nf3 Qf6 35. Nd2 Qe7 36. Nc4 Bc7 37. Qc2 g5 38. Qe2 g4 39. hxg4 Qh4 40. g3 Qxg4
41. Qxg4+ hxg4 42. Kg2 f5 43. Nb2 Kg7 44. Nd3 Bd6 45. Nc5 Rde7 46. d5 cxd5 47.
Rxd5 Be5 48. Nd3 Kf6 49. Rcc5 Re6 50. Nf4 Rd6 51. Nh5+ Kg5 52. Rxe5 Rxe5 53.
Rxe5 Kxh5 54. Rxf5+ Kg6 55. Rf4 Kg5 56. Rd4 Rc6 57. Rd5+ Kf6 58. b5 axb5 59.
Rxb5 Rc3 60. a4 Ra3 61. a5 Ra2 62. Rd5 Kg6 63. e4 Kf6 64. Rb5 Kg6 65. Kf1 Kf6
66. Rxb7 Rxa5 67. Ke2 Ke5 68. Rg7 Ra2+ 69. Kf1 Kxe4 70. Rxg4+ Kf3 71. Rf4# 1-0

[Event "Skakligaen 2019-20"]
[Site "Denmark"]
[Date "2019.12.01"]
[Round "3.8"]
[White "Stage Steffensen, Sander"]
[Black "Hagen, Kresten Skytte"]
[Result "1/2-1/2"]
[WhiteElo "2104"]
[BlackElo "2167"]
[PlyCount "43"]
[EventDate "2019.11.23"]
[EventType "team-tourn"]
[EventRounds "9"]
[WhiteTeam "BMS"]
[BlackTeam "Aarhus Skolerne"]
[WhiteTeamCountry "DEN"]
[BlackTeamCountry "DEN"]

1. e4 e6 2. d3 d5 3. Nd2 Nf6 4. Ngf3 Bc5 5. e5 Nfd7 6. Nb3 Be7 7. d4 c5 8. c3
Nc6 9. Be2 O-O 10. O-O a5 11. Re1 a4 12. Nxc5 Nxc5 13. dxc5 Bxc5 14. Bd3 f5 15.
exf6 gxf6 16. Nd4 Bxd4 17. Bxh7+ Kxh7 18. Qh5+ Kg8 19. Qg6+ Kh8 20. Qh5+ Kg8
21. Qg6+ Kh8 22. Qh6+ 1/2-1/2

[Event "Skakligaen 2019-20"]
[Site "Denmark"]
[Date "2019.12.01"]
[Round "3.1"]
[White "Andersen, Mads"]
[Black "Thybo, Jesper Sondergaard"]
[Result "1/2-1/2"]
[WhiteElo "2601"]
[BlackElo "2574"]
[PlyCount "124"]
[EventDate "2019.11.23"]
[EventType "team-tourn"]
[EventRounds "9"]
[WhiteTeam "Skanderborg"]
[BlackTeam "Jetsmark"]
[WhiteTeamCountry "DEN"]
[BlackTeamCountry "DEN"]

1. d4 Nf6 2. Bf4 g6 3. Nc3 Bg7 4. e4 d6 5. Qd2 O-O 6. O-O-O Nc6 7. f3 Nh5 8.
Be3 e5 9. dxe5 dxe5 10. Qxd8 Rxd8 11. Rxd8+ Nxd8 12. Nd5 Ne6 13. Ne7+ Kf8 14.
Nxc8 Rxc8 15. g3 Ke7 16. Nh3 Nf6 17. Bc4 Rd8 18. c3 h5 19. Kc2 a5 20. a4 Ng8
21. Ng5 Bh6 22. Nxe6 fxe6 23. Bc5+ Kf7 24. Rd1 Rxd1 25. Kxd1 b6 26. Bf2 Bf8 27.
Ke2 Bd6 28. Be3 Ne7 29. Bg5 Bc5 30. f4 Bd6 31. h4 exf4 32. gxf4 Bc5 33. Ba2 c6
34. Bc4 Bd6 35. Kd2 Bc5 36. Kd3 Bf2 37. Ke2 Bc5 38. Kd2 Bd6 39. Kd3 Bc5 40. Kc2
Bd6 41. Kd2 Bc5 42. Kd3 Bf2 43. b4 axb4 44. cxb4 Be1 45. Kd4 b5 46. axb5 cxb5
47. Bxb5 Bxb4 48. Ke3 Bc5+ 49. Kd3 Bb6 50. Bc4 Nc6 51. Bb3 Nd4 52. Bd1 Nb5 53.
f5 exf5 54. exf5 gxf5 55. Bxh5+ Kg7 56. Bf4 Bc7 57. Bc1 Bd8 58. Kc4 Nd6+ 59.
Kd5 Ne4 60. Ke6 Bxh4 61. Kxf5 Ng3+ 62. Kg4 Nxh5 1/2-1/2

[Event "Skakligaen 2019-20"]
[Site "Denmark"]
[Date "2019.12.01"]
[Round "3.2"]
[White "Rasmussen, Allan Stig"]
[Black "Bjerre, Jonas Buhl"]
[Result "1-0"]
[WhiteElo "2559"]
[BlackElo "2529"]
[PlyCount "109"]
[EventDate "2019.11.23"]
[EventType "team-tourn"]
[EventRounds "9"]
[WhiteTeam "Jetsmark"]
[BlackTeam "Skanderborg"]
[WhiteTeamCountry "DEN"]
[BlackTeamCountry "DEN"]

1. d4 Nf6 2. c4 e6 3. Nf3 d5 4. g3 dxc4 5. Bg2 Bb4+ 6. Bd2 a5 7. O-O O-O 8. Bg5
h6 9. Bxf6 Qxf6 10. a3 Bd6 11. Nc3 Nd7 12. Rc1 Qd8 13. Nd2 Nb6 14. Na4 Nxa4 15.
Qxa4 e5 16. dxe5 Bxe5 17. Nxc4 Bf6 18. Rfd1 Qe8 19. Qc2 a4 20. e4 Qb5 21. e5
Be7 22. Rd5 Qe8 23. Rd2 Qb5 24. Rd5 Qe8 25. Ne3 Be6 26. Rd4 c5 27. Rd2 Bb3 28.
Qe4 Rd8 29. Rxd8 Qxd8 30. Nf5 Bg5 31. f4 Qd2 32. Qe3 Qxe3+ 33. Nxe3 Be7 34. Bd5
Rd8 35. Bxb3 axb3 36. Rc3 b5 37. Rxb3 b4 38. Kf2 Rd2+ 39. Kf3 Rxh2 40. axb4
cxb4 41. Nd5 Bc5 42. Nxb4 Bxb4 43. Rxb4 g6 44. Rb8+ Kg7 45. b4 h5 46. b5 Rb2
47. Rb7 Rb3+ 48. Kg2 Kf8 49. b6 Kg8 50. Kh3 Kf8 51. Kh4 Kg8 52. Kg5 Rxg3+ 53.
Kh6 Kf8 54. Rc7 Rb3 55. b7 1-0

[Event "Skakligaen 2019-20"]
[Site "Denmark"]
[Date "2019.12.01"]
[Round "3.3"]
[White "Ochsner, Bjorn Moller"]
[Black "Thogersen, Rasmus"]
[Result "0-1"]
[WhiteElo "2491"]
[BlackElo "2248"]
[PlyCount "80"]
[EventDate "2019.11.23"]
[EventType "team-tourn"]
[EventRounds "9"]
[WhiteTeam "Skanderborg"]
[BlackTeam "Jetsmark"]
[WhiteTeamCountry "DEN"]
[BlackTeamCountry "DEN"]

1. e4 c5 2. Nf3 d6 3. Bb5+ Bd7 4. c4 Nf6 5. Nc3 Nc6 6. d4 cxd4 7. Nxd4 g6 8.
Be3 Ng4 9. Nxc6 Nxe3 10. Nxd8 Nxd1 11. Rxd1 Rxd8 12. Nd5 Bxb5 13. cxb5 Rc8 14.
Ke2 e6 15. Ne3 Ke7 16. Rd3 Bh6 17. Rhd1 Rhd8 18. Ra3 Rc5 19. Rxa7 Rxb5 20. b3
f5 21. exf5 gxf5 22. Nc4 d5 23. Na5 Rd7 24. Rd4 Bg7 25. Rh4 h6 26. a4 Rb6 27.
b4 d4 28. b5 e5 29. Rh3 e4 30. Rb3 d3+ 31. Kd1 f4 32. Rxb7 Rbxb7 33. Nxb7 Rxb7
34. a5 Bd4 35. a6 Rd7 36. b6 e3 37. fxe3 fxe3 38. Rxd3 Bxb6 39. Rxd7+ Kxd7 40.
Ke2 Ke6 0-1

[Event "Skakligaen 2019-20"]
[Site "Denmark"]
[Date "2019.12.01"]
[Round "3.4"]
[White "Heimisson, Hilmir Freyr"]
[Black "Olsen, Filip Boe"]
[Result "0-1"]
[WhiteElo "2234"]
[BlackElo "2348"]
[PlyCount "122"]
[EventDate "2019.11.23"]
[EventType "team-tourn"]
[EventRounds "9"]
[WhiteTeam "Jetsmark"]
[BlackTeam "Skanderborg"]
[WhiteTeamCountry "DEN"]
[BlackTeamCountry "DEN"]

1. c4 Nf6 2. g3 e6 3. Bg2 d5 4. Nf3 dxc4 5. O-O Nbd7 6. Qc2 Nb6 7. a4 a5 8. Na3
Bd6 9. Nxc4 Nxc4 10. Qxc4 e5 11. d4 e4 12. Ng5 Qe7 13. d5 Bf5 14. f3 exf3 15.
exf3 O-O 16. Kh1 Rfe8 17. Bf4 Qe2 18. Qd4 h6 19. Rf2 Qd3 20. Qxd3 Bxd3 21. Bxd6
cxd6 22. Rd2 Re3 23. Nh3 Nxd5 24. Rad1 Nb4 25. Nf4 Bc2 26. Rc1 Rae8 27. Kg1
Re1+ 28. Rxe1 Rxe1+ 29. Kf2 Rd1 30. Rxd1 Bxd1 31. Bf1 Bxa4 32. Ke3 Bc6 33. Be2
Nd5+ 34. Nxd5 Bxd5 35. Kd4 Bc6 36. f4 Kf8 37. Bc4 Ke7 38. Ba2 b5 39. Bb3 f6 40.
h4 Kd7 41. Bc2 Kc7 42. Bg6 Kb6 43. g4 a4 44. g5 hxg5 45. fxg5 fxg5 46. hxg5 Ka5
47. Kc3 Bd5 48. Be8 b4+ 49. Kd4 a3 50. bxa3 bxa3 51. Kc3 a2 52. Kb2 Kb4 53. g6
Bc4 54. Bf7 d5 55. Be6 d4 56. Bg4 d3 57. Bd1 Kc5 58. Ka1 Kd4 59. Ba4 Ke3 60.
Bd1 Kd2 61. Ba4 Ke1 0-1

[Event "Skakligaen 2019-20"]
[Site "Denmark"]
[Date "2019.12.01"]
[Round "3.5"]
[White "Hansen, Mads"]
[Black "Jensen, Bjarke"]
[Result "1-0"]
[WhiteElo "2408"]
[BlackElo "2328"]
[PlyCount "41"]
[EventDate "2019.11.23"]
[EventType "team-tourn"]
[EventRounds "9"]
[WhiteTeam "Skanderborg"]
[BlackTeam "Jetsmark"]
[WhiteTeamCountry "DEN"]
[BlackTeamCountry "DEN"]

1. e4 c5 2. Nf3 d6 3. Bb5+ Bd7 4. c4 Bxb5 5. cxb5 d5 6. exd5 Nf6 7. O-O Nxd5 8.
d4 e6 9. Re1 a6 10. Na3 cxd4 11. Bg5 Be7 12. Bxe7 Nxe7 13. Qb3 O-O 14. Rad1
axb5 15. Nxd4 Qb6 16. Ndxb5 Nbc6 17. Nc4 Qc5 18. Rd7 Nf5 19. a3 Rac8 20. Ncd6
Rcd8 21. Nxb7 1-0

[Event "Skakligaen 2019-20"]
[Site "Denmark"]
[Date "2019.12.01"]
[Round "3.6"]
[White "Wiwe, Andreas"]
[Black "Andersen, Jackie"]
[Result "1/2-1/2"]
[WhiteElo "2304"]
[BlackElo "2399"]
[PlyCount "156"]
[EventDate "2019.11.23"]
[EventType "team-tourn"]
[EventRounds "9"]
[WhiteTeam "Jetsmark"]
[BlackTeam "Skanderborg"]
[WhiteTeamCountry "DEN"]
[BlackTeamCountry "DEN"]

1. e4 g6 2. d4 Bg7 3. Nc3 a6 4. f4 d5 5. e5 h5 6. Nf3 Nh6 7. Be3 Bg4 8. Bf2 e6
9. h3 Bxf3 10. Qxf3 h4 11. Bd3 Nc6 12. a3 Nf5 13. Ne2 Nce7 14. O-O Bh6 15. b3
g5 16. fxg5 Bxg5 17. Nf4 Bxf4 18. Qxf4 Qd7 19. c4 O-O-O 20. c5 Rdg8 21. Rfe1
Rg7 22. c6 Nxc6 23. Bxf5 exf5 24. Bxh4 Rhg8 25. Ra2 Kb8 26. Re3 Nd8 27. Bxd8
Qxd8 28. Rf3 Rg5 29. Raf2 Qf8 30. b4 Qg7 31. Qd2 Qg6 32. a4 Rh5 33. b5 Rh4 34.
Qd3 axb5 35. axb5 Qb6 36. Rf4 Qh6 37. Rxh4 Qxh4 38. Qxf5 Qxd4 39. Qxf7 Rg5 40.
e6 Re5 41. Kh2 Re3 42. Qf6 Qc5 43. Qf8+ Qxf8 44. Rxf8+ Ka7 45. Rd8 c6 46. bxc6
bxc6 47. Rd7+ Kb6 48. e7 c5 49. Rxd5 Rxe7 50. h4 c4 51. Rd1 Kc5 52. Kh3 c3 53.
h5 Kc4 54. g4 Kb3 55. g5 Kc2 56. Rg1 Kd2 57. Ra1 Re1 58. Ra2+ Ke3 59. Kg4 Ke4
60. h6 Rh1 61. Rg2 Ke5 62. Rc2 Rg1+ 63. Kh5 Kf4 64. Rf2+ Ke3 65. Ra2 Kf4 66.
Ra4+ Kf5 67. Ra5+ Kf4 68. Ra4+ Kf5 69. Ra5+ Kf4 70. Kg6 c2 71. Ra4+ Ke5 72. Rc4
c1=Q 73. Rxc1 Rxc1 74. h7 Rh1 75. Kg7 Kf5 76. g6 Rh2 77. h8=Q Rxh8 78. Kxh8
Kxg6 1/2-1/2

[Event "Skakligaen 2019-20"]
[Site "Denmark"]
[Date "2019.12.01"]
[Round "3.7"]
[White "Rostgaard, Tobias Valentin"]
[Black "Stojanovski, Sandi"]
[Result "0-1"]
[WhiteElo "2357"]
[BlackElo "2193"]
[PlyCount "114"]
[EventDate "2019.11.23"]
[EventType "team-tourn"]
[EventRounds "9"]
[WhiteTeam "Skanderborg"]
[BlackTeam "Jetsmark"]
[WhiteTeamCountry "DEN"]
[BlackTeamCountry "DEN"]

1. e4 c5 2. Nc3 a6 3. Nf3 Nc6 4. d4 cxd4 5. Nxd4 e5 6. Nf5 d6 7. Nd5 Nf6 8.
Nxf6+ Qxf6 9. Ne3 Qg6 10. Nd5 Qxe4+ 11. Be3 Nd4 12. Nc7+ Kd8 13. Nxa8 Nxc2+ 14.
Kd2 Bf5 15. Bb6+ Kd7 16. Qf3 Nxa1 17. Qxe4 Bxe4 18. f3 Bg6 19. Bd3 d5 20. Ba5
Bc5 21. Bxg6 hxg6 22. Nb6+ Bxb6 23. Bxb6 Rh4 24. Bf2 Rb4 25. b3 Nxb3+ 26. Kc3
Rc4+ 27. Kxb3 b5 28. h4 Ke6 29. h5 gxh5 30. Rxh5 d4 31. Rh8 Rc3+ 32. Kb2 Rc6
33. Rd8 Rd6 34. Rc8 Kd5 35. Bh4 f6 36. g4 Rc6 37. Rxc6 Kxc6 38. Kc2 Kd5 39. Kd3
a5 40. a3 b4 41. a4 Kc5 42. g5 f5 43. g6 b3 44. Bf6 Kd5 45. Kd2 e4 46. fxe4+
fxe4 47. Kc1 e3 48. Kb2 Kc4 49. Bg5 Kb4 50. Bh6 Kxa4 51. Kc1 Kb5 52. Kb2 a4 53.
Bg5 Kc6 54. Bf6 d3 55. Kc1 a3 56. Bxg7 d2+ 57. Kd1 b2 0-1

[Event "Skakligaen 2019-20"]
[Site "Denmark"]
[Date "2019.12.01"]
[Round "3.1"]
[White "Hector, Jonny"]
[Black "Hansen, Sune Berg"]
[Result "1-0"]
[WhiteElo "2478"]
[BlackElo "2574"]
[PlyCount "97"]
[EventDate "2019.11.23"]
[EventType "team-tourn"]
[EventRounds "9"]
[WhiteTeam "Nordkalotten"]
[BlackTeam "Hillerod"]
[WhiteTeamCountry "DEN"]
[BlackTeamCountry "DEN"]

1. e4 e5 2. Nf3 Nc6 3. Bc4 Bc5 4. c3 Nf6 5. d4 exd4 6. cxd4 Bb4+ 7. Nbd2 d5 8.
exd5 Nxd5 9. O-O O-O 10. a3 Be7 11. Re1 Nb6 12. Ba2 h6 13. Ne4 Bg4 14. Nc3 Bf6
15. Be3 Bxd4 16. Bxd4 Bxf3 17. Qxf3 Qxd4 18. Rad1 Qf6 19. Qxf6 gxf6 20. Ne4
Rfd8 21. Nxf6+ Kg7 22. Ne4 Rxd1 23. Rxd1 Re8 24. f3 Re5 25. Kf2 Rb5 26. Rd2 Ne5
27. b4 Nbc4 28. Rc2 Nd3+ 29. Kg1 Nce5 30. Rxc7 Rb6 31. Bb1 a5 32. Bxd3 Nxd3 33.
Rd7 Ne5 34. Rd5 Nc4 35. Rc5 Nxa3 36. bxa5 Rb1+ 37. Kf2 Nb5 38. Rd5 Nc7 39. Rd7
Ne8 40. Nc5 b6 41. Ne6+ Kf6 42. Nd8 Rb2+ 43. Kg3 bxa5 44. Rxf7+ Kg6 45. Ra7 Nf6
46. Ne6 Nh5+ 47. Kh3 Re2 48. Ra6 Kf7 49. Rxa5 1-0

[Event "Skakligaen 2019-20"]
[Site "Denmark"]
[Date "2019.12.01"]
[Round "3.2"]
[White "Schandorff, Lars"]
[Black "Jepson, Christian"]
[Result "1/2-1/2"]
[WhiteElo "2480"]
[BlackElo "2383"]
[PlyCount "70"]
[EventDate "2019.11.23"]
[EventType "team-tourn"]
[EventRounds "9"]
[WhiteTeam "Hillerod"]
[BlackTeam "Nordkalotten"]
[WhiteTeamCountry "DEN"]
[BlackTeamCountry "DEN"]

1. d4 d6 2. Nf3 Nf6 3. c4 g6 4. Nc3 Bf5 5. b3 Bg7 6. Bb2 O-O 7. g3 Ne4 8. Bg2
Nxc3 9. Bxc3 Be4 10. O-O c5 11. Rc1 Nc6 12. e3 e6 13. Qd2 Qe7 14. Rfd1 Rfd8 15.
Qe2 e5 16. dxe5 dxe5 17. Qb2 f5 18. Ne1 Bxg2 19. Nxg2 Qf7 20. f3 g5 21. Qc2 Qe6
22. e4 f4 23. Rd5 Qh3 24. Qf2 b6 25. gxf4 gxf4 26. Rcd1 Rxd5 27. Rxd5 Ne7 28.
Rd6 Kf7 29. Qb2 Rg8 30. Rd3 Bf6 31. Qd2 Rg6 32. Qe2 Rh6 33. Ne1 Rg6+ 34. Ng2
Rh6 35. Ne1 Rg6+ 1/2-1/2

[Event "Skakligaen 2019-20"]
[Site "Denmark"]
[Date "2019.12.01"]
[Round "3.3"]
[White "Brynell, Stellan"]
[Black "Pedersen, Steffen"]
[Result "1-0"]
[WhiteElo "2412"]
[BlackElo "2308"]
[PlyCount "63"]
[EventDate "2019.11.23"]
[EventType "team-tourn"]
[EventRounds "9"]
[WhiteTeam "Nordkalotten"]
[BlackTeam "Hillerod"]
[WhiteTeamCountry "DEN"]
[BlackTeamCountry "DEN"]

1. d4 Nf6 2. Nf3 e6 3. c4 d5 4. Nc3 Bb4 5. cxd5 exd5 6. Bg5 Nbd7 7. e3 h6 8.
Bh4 g5 9. Bg3 Ne4 10. Qc2 c5 11. Bd3 Ndf6 12. dxc5 Bxc3+ 13. bxc3 Nxg3 14. hxg3
g4 15. Nd4 Qc7 16. Qa4+ Bd7 17. Qb4 Rc8 18. Rb1 Qxc5 19. Qxc5 Rxc5 20. Rxb7
Rxc3 21. Kd2 Rc8 22. Rxa7 h5 23. Rb1 O-O 24. Rb6 Be6 25. f3 Ra8 26. Rxa8 Rxa8
27. Ra6 Rb8 28. Bb5 Kg7 29. a4 Bd7 30. Ra7 Bxb5 31. axb5 Ne8 32. Rd7 1-0

[Event "Skakligaen 2019-20"]
[Site "Denmark"]
[Date "2019.12.01"]
[Round "3.4"]
[White "Jaksland, Tim"]
[Black "Jogstad, Martin"]
[Result "1-0"]
[WhiteElo "2218"]
[BlackElo "2305"]
[PlyCount "71"]
[EventDate "2019.11.23"]
[EventType "team-tourn"]
[EventRounds "9"]
[WhiteTeam "Hillerod"]
[BlackTeam "Nordkalotten"]
[WhiteTeamCountry "DEN"]
[BlackTeamCountry "DEN"]

1. d4 d5 2. Nc3 Nf6 3. Bf4 Bf5 4. e3 e6 5. f3 a6 6. g4 Bg6 7. h4 h5 8. g5 Ng8
9. Bd3 Ne7 10. Nge2 c5 11. dxc5 Qa5 12. Bd6 Bxd3 13. Qxd3 Nd7 14. O-O-O Nc6 15.
Nd4 Nb4 16. Qd2 Bxd6 17. cxd6 Nxa2+ 18. Nxa2 Qxa2 19. Qb4 O-O 20. Kd2 a5 21.
Qb5 Ne5 22. b3 Rfc8 23. d7 Nxd7 24. Qxd7 e5 25. g6 exd4 26. Qxf7+ Kh8 27. Qf5
dxe3+ 28. Kxe3 Qxc2 29. Qxh5+ Kg8 30. Qxd5+ Kh8 31. Qh5+ Kg8 32. Qh7+ Kf8 33.
Qh8+ Ke7 34. Qxg7+ Ke6 35. Qf7+ Ke5 36. f4# 1-0

[Event "Skakligaen 2019-20"]
[Site "Denmark"]
[Date "2019.12.01"]
[Round "3.5"]
[White "Hove, Esben Kjems"]
[Black "Laursen, Christopher Hofman"]
[Result "1/2-1/2"]
[WhiteElo "2323"]
[BlackElo "2257"]
[PlyCount "36"]
[EventDate "2019.11.23"]
[EventType "team-tourn"]
[EventRounds "9"]
[WhiteTeam "Nordkalotten"]
[BlackTeam "Hillerod"]
[WhiteTeamCountry "DEN"]
[BlackTeamCountry "DEN"]

1. d4 Nf6 2. c4 g6 3. Nf3 Bg7 4. g3 O-O 5. Bg2 d5 6. cxd5 Nxd5 7. O-O Nb6 8.
Nc3 Nc6 9. e3 e5 10. Nxe5 Nxe5 11. dxe5 Bxe5 12. e4 Qxd1 13. Rxd1 Bg4 14. f3
Be6 15. f4 Bxc3 16. bxc3 Rad8 17. Be3 Na4 18. Bd4 f6 1/2-1/2

[Event "Skakligaen 2019-20"]
[Site "Denmark"]
[Date "2019.12.01"]
[Round "3.6"]
[White "Nordenbaek, Jan"]
[Black "Sylvan, Jacob"]
[Result "1/2-1/2"]
[WhiteElo "2239"]
[BlackElo "2323"]
[PlyCount "73"]
[EventDate "2019.11.23"]
[EventType "team-tourn"]
[EventRounds "9"]
[WhiteTeam "Hillerod"]
[BlackTeam "Nordkalotten"]
[WhiteTeamCountry "DEN"]
[BlackTeamCountry "DEN"]

1. e4 c5 2. Nf3 e6 3. Nc3 Nc6 4. d4 cxd4 5. Nxd4 Qc7 6. Be3 a6 7. Bd3 Nf6 8.
O-O b5 9. Nxc6 Qxc6 10. f3 Bc5 11. Qe1 d6 12. Kh1 Bxe3 13. Qxe3 O-O 14. e5 dxe5
15. Qxe5 Bb7 16. Ne4 Nxe4 17. Bxe4 Qb6 18. Bxb7 Qxb7 19. Rad1 Rad8 20. c3 Qb6
21. Qe2 h6 22. g3 Qc5 23. a3 Qc4 24. Qxc4 bxc4 25. Kg2 e5 26. Rfe1 f6 27. Kf2
Kf7 28. h4 g5 29. hxg5 hxg5 30. Rxd8 Rxd8 31. Re4 Rc8 32. f4 gxf4 33. gxf4 Ke6
34. fxe5 fxe5 35. Rh4 Kd5 36. Ke3 Rc6 37. Rh2 1/2-1/2

[Event "Skakligaen 2019-20"]
[Site "Denmark"]
[Date "2019.12.01"]
[Round "3.7"]
[White "Jakobsen, Peter"]
[Black "Andersen, Soren Bull"]
[Result "1-0"]
[WhiteElo "2211"]
[BlackElo "2090"]
[PlyCount "75"]
[EventDate "2019.11.23"]
[EventType "team-tourn"]
[EventRounds "9"]
[WhiteTeam "Nordkalotten"]
[BlackTeam "Hillerod"]
[WhiteTeamCountry "DEN"]
[BlackTeamCountry "DEN"]

1. Nf3 d6 2. d4 Bg4 3. c4 e5 4. dxe5 Bxf3 5. exf3 dxe5 6. Qxd8+ Kxd8 7. Nc3 c6
8. f4 Nd7 9. fxe5 Nxe5 10. Bf4 f6 11. O-O-O+ Kc7 12. Be2 h5 13. h4 Re8 14. a3
Bd6 15. Be3 Nd7 16. Rd2 Rxe3 17. fxe3 Bc5 18. Rh3 a5 19. Ne4 Be7 20. Kc2 Ne5
21. Nf2 Nh6 22. Kc3 f5 23. Nd3 Nhg4 24. Nxe5 Bf6 25. Kc2 Bxe5 26. Rf3 Rf8 27.
Bd3 Rf6 28. c5 g6 29. e4 Nh2 30. Rh3 fxe4 31. Bxe4 Nf1 32. Re2 Ng3 33. Re3 Rf2+
34. Kd3 Nf1 35. Re2 Rf7 36. Bxg6 Rd7+ 37. Kc2 Rd5 38. b4 1-0

[Event "Skakligaen 2019-20"]
[Site "Denmark"]
[Date "2019.12.01"]
[Round "3.8"]
[White "Erlandsen, Carsten"]
[Black "Ejsing, Esben"]
[Result "1-0"]
[WhiteElo "2058"]
[BlackElo "2149"]
[PlyCount "53"]
[EventDate "2019.11.23"]
[EventType "team-tourn"]
[EventRounds "9"]
[WhiteTeam "Hillerod"]
[BlackTeam "Nordkalotten"]
[WhiteTeamCountry "DEN"]
[BlackTeamCountry "DEN"]

1. d4 e6 2. Nf3 b6 3. Bf4 Bb7 4. e3 f5 5. Nbd2 Nf6 6. c3 Be7 7. Bd3 O-O 8. Qe2
Ne4 9. h4 a5 10. Bxe4 fxe4 11. Ng5 h6 12. Qh5 Rxf4 13. exf4 Qf8 14. O-O-O c5
15. Qg6 hxg5 16. hxg5 Qf5 17. Qe8+ Bf8 18. Rh4 Nc6 19. Qxd7 Ra7 20. Rdh1 Ne7
21. Rh8+ Kf7 22. Rxf8+ Kxf8 23. Rh8+ Ng8 24. Qd8+ Kf7 25. Qxg8+ Ke7 26. Qd8+
Kf7 27. Qd7+ 1-0

[Event "Skakligaen 2019-20"]
[Site "Denmark"]
[Date "2019.12.01"]
[Round "3.1"]
[White "Hillarp Persson, Tiger"]
[Black "Baekgaard, Martin"]
[Result "1-0"]
[WhiteElo "2542"]
[BlackElo "2299"]
[PlyCount "47"]
[EventDate "2019.11.23"]
[EventType "team-tourn"]
[EventRounds "9"]
[WhiteTeam "Bronshoj"]
[BlackTeam "Nordre"]
[WhiteTeamCountry "DEN"]
[BlackTeamCountry "DEN"]

1. Nf3 d5 2. g3 Nf6 3. Bg2 g6 4. c4 c6 5. b3 Bg7 6. Bb2 O-O 7. O-O a5 8. Nc3
Nbd7 9. cxd5 Nxd5 10. Qc2 Nxc3 11. Bxc3 e5 12. d4 Qe7 13. e4 exd4 14. Nxd4 Rd8
15. Rad1 Nc5 16. Nxc6 bxc6 17. Rxd8+ Qxd8 18. Bxg7 Kxg7 19. Qxc5 Ba6 20. Qc3+
Kg8 21. Re1 Rc8 22. e5 c5 23. e6 fxe6 24. Bh3 1-0

[Event "Skakligaen 2019-20"]
[Site "Denmark"]
[Date "2019.12.01"]
[Round "3.2"]
[White "Petersen, Tom Petri"]
[Black "Vasli, Aref"]
[Result "1/2-1/2"]
[WhiteElo "2309"]
[BlackElo "2397"]
[PlyCount "58"]
[EventDate "2019.11.23"]
[EventType "team-tourn"]
[EventRounds "9"]
[WhiteTeam "Nordre"]
[BlackTeam "Bronshoj"]
[WhiteTeamCountry "DEN"]
[BlackTeamCountry "DEN"]

1. d4 Nf6 2. Bf4 c5 3. c3 Qb6 4. Qc2 Nc6 5. e3 d5 6. Nd2 g6 7. Be2 Bg7 8. h3
O-O 9. Ngf3 Nd7 10. Qb3 e5 11. dxe5 Ndxe5 12. O-O Re8 13. Nxe5 Nxe5 14. Qxb6
axb6 15. a3 Bf5 16. g4 Bd3 17. Bxe5 Bxe2 18. Rfe1 Rxe5 19. Rxe2 d4 20. cxd4
cxd4 21. Nf3 Re6 22. Rd1 dxe3 23. fxe3 Rae8 24. Kf2 Bh6 25. Rd3 Kf8 26. Rb3
R8e7 27. e4 Bf4 28. Kf1 h6 29. e5 Rc7 1/2-1/2